Equity stakes could replace 'right-to-buy' (Record no. 70870)

MARC details
000 -LEADER
fixed length control field 00899cam a2200205 4500
001 - CONTROL NUMBER
control field WB3828-09
008 - FIXED-LENGTH DATA ELEMENTS--GENERAL INFORMATION
fixed length control field 020801n2002 000 0 eng u
035 ## - SYSTEM CONTROL NUMBER
System control number (Sirsi) u119141
245 ## - TITLE STATEMENT
Title Equity stakes could replace 'right-to-buy'
260 ## - PUBLICATION, DISTRIBUTION, ETC.
Date of publication, distribution, etc. 2002
490 ## - SERIES STATEMENT
Series statement CIH Press Release
Volume/sequential designation 15 July 2002, (2)
520 ## - SUMMARY, ETC.
Summary, etc. New report "A stake worth having" , issued by Institute of Public Policy Research and Chartered Institute of Housing, suggests council tenants could be given an equity stake in their homes to help reduce social exclusion and improve image of social housing. Copies of report available from [email protected]/frames.php?page=/section6/introf.php? [email protected]/frames.php?page=/section5/introf.php?
590 ## - LOCAL NOTE (RLIN)
Local note WB
650 ## - SUBJECT ADDED ENTRY--TOPICAL TERM
Topical term or geographic name entry element EQUITY STAKE
650 ## - SUBJECT ADDED ENTRY--TOPICAL TERM
Topical term or geographic name entry element SOCIAL EXCLUSION
650 ## - SUBJECT ADDED ENTRY--TOPICAL TERM
Topical term or geographic name entry element COUNCIL TENANTS
650 ## - SUBJECT ADDED ENTRY--TOPICAL TERM
Topical term or geographic name entry element COUNCIL HOUSING
690 ## - LOCAL SUBJECT ADDED ENTRY--TOPICAL TERM (OCLC, RLIN)
Topical term or geographic name as entry element HOUSING
942 ## - ADDED ENTRY ELEMENTS (KOHA)
Suppress in OPAC 0
Holdings
Withdrawn status Lost status Source of classification or shelving scheme Damaged status Not for loan Home library Current library Shelving location Date acquired Total Checkouts Full call number Barcode Date last seen Copy number Price effective from Koha item type
    Dewey Decimal Classification     London London News article 01/08/2002   WB3828-09 119141-1001 06/08/2019 1 06/08/2019 News article